000 01509cam a2200337 a 4500
001 EDZ0000104469
003 StDuBDS
005 20161031105137.0
006 m||||||||d||||||||
007 cr |||||||||||
008 121017s2008 enka fo| 001|0|eng|d
020 _a9781452274997 (ebook) :
_cNo price
040 _aStDuBDS
_beng
_cStDuBDS
_epn
049 _aAlfaisal Main Library
050 0 _aLB2831.58
_b.N67 2008
082 0 4 _a371.201
_223
100 1 _aNorton, M. Scott.
245 1 0 _aHuman resources administration for educational leaders
_h[electronic resource] /
_cM. Scott Norton.
260 _aLondon :
_bSAGE,
_cc2008.
300 _a1 online resource (xvi, 435 p.) :
_bill.
520 8 _aDetailing the major aspects of the human resources function in education, this book not only presents an historic overview, but also examines new developments in the field of human resources accountability. The text has many practical pedagogical features, such as chapter learning objectives and discussion questions.
521 _aSpecialized.
588 _aDescription based on print version record.
504 _aIncludes bibliographical references and index.
650 0 _aSchool personnel management
_zUnited States.
655 7 _aElectronic books.
_2local
710 2 _aSage eBooks
776 0 8 _iPrint version :
_z9781412957595
856 4 0 _uhttp://ezproxy.alfaisal.edu/login?url=http://sk.sagepub.com/books/human-resources-administration-for-educational-leaders
942 _2lcc
_cEBOOKS
999 _c480245
_d480245